| 000 | 00950cab a2200253 4500 | ||
|---|---|---|---|
| 001 | WB3332-21 | ||
| 008 | 090401t1997 xxu||||| |||| 00| 0 eng d | ||
| 035 | _a(Sirsi) u80263 | ||
| 041 | _aeng | ||
| 245 | _aRent review | ||
| 260 | _c1997 | ||
| 350 | _a0 | ||
| 490 |
_aEstates Gazette Case Summaries _v[1997] EGCS 126 (9/8/97) |
||
| 520 | _a"Dukeminster (Ebbgate House One) Ltd v Somerfield Properties Co Ltd" CA 29 July 1997. Rent reviewable by reference to notional premises located within 35 miles of actual location. Rental values differed widely within prescribed radius. Whether landlord free to designate area. Tenant`s appeal allowed. | ||
| 650 | _aCOMPARABLES | ||
| 650 | _aLAW LAND CO LTD V CONSUMERS ASSOCIATION LTD | ||
| 650 | _aNOTIONAL PREMISES | ||
| 650 | _aRENT REVIEWS | ||
| 650 | _aRENTAL VALUES | ||
| 650 | _aWAREHOUSES | ||
| 690 | _aLANDLORD AND TENANT-CASE LAW-RENT REVIEWS | ||
| 942 | _n0 | ||
| 948 | _c14/08/1997 | ||
| 999 |
_c50528 _d50528 |
||